Banano, étnia y lucha social en centroamérica
Sparad:
| Institutionell upphovsman: | |
|---|---|
| Materialtyp: | Text |
| Språk: | Spanish |
| Publicerad: |
San José:
DEI
|
| Ämnen: | |
| Taggar: |
Lägg till en tagg
Inga taggar, Lägg till första taggen!
|
MARC
| LEADER | 00000 a a2200000 04500 | ||
|---|---|---|---|
| 001 | 31195 | ||
| 003 | cru CIDCACS/IIS | ||
| 005 | 20180713153548.0 | ||
| 008 | 180713b ||||| |||| 00| 0 spa d | ||
| 999 | |c 11973 |d 11973 | ||
| 020 | |a 9977-83-083-5 | ||
| 040 | |c cru CIDCACS/IIS | ||
| 090 | |a 19779.00 | ||
| 110 | |a Bourgois, Philippe | ||
| 245 | |a Banano, étnia y lucha social en centroamérica | ||
| 260 | |a San José: |b DEI | ||
| 300 | |a 331 p. |b map. | ||
| 650 | |a ETNICIDAD | ||
| 650 | |a CONFLICTOS ETNICOS | ||
| 650 | |a DISCRMINACION RACIAL | ||
| 650 | |a DISCRIMINACION ECONOMICA | ||
| 650 | |a BANANOS | ||
| 650 | |a EMPRESAS TRANSNACIONALES | ||
| 650 | |a HUELGAS | ||
| 650 | |a POBLACION INDIGENA | ||
| 650 | |a NEGROS | ||
| 650 | |a SINDICATOS | ||
| 650 | |a BRIBRI | ||
| 650 | |a CUNA | ||
| 942 | |2 ddc |c LI | ||



